000 00552nam a2200217Ia 4500
003 OSt
005 20241007075837.0
008 240925s9999 xx 000 0 und d
020 _a8129701073
040 _cdf
082 _a621.382 TOM
100 _aTomasi , Wayne
245 0 _aAdvanced Electronic Communications Systems
250 _a6th
260 _aSingapore:
_bPearson education
_c,2005.
300 _axvi,1115p.
_bNA
_fPhotocopy
500 _aIncludes Index
600 _aElectronic Engineering
650 _aTechnology
942 _cBK
_2ddc
999 _c8701
_d8701